К вопросу о связи между диэлектрическими потерями в кристаллах с энергией решетки и дефектностью; Известия вузов. Физика; № 1

Bibliografiska uppgifter
Parent link:Известия вузов. Физика/ Министерство общего и профессионального образования Российской Федерации ; Томский Госуниверситет.— , 1958-.— 0021-3411
№ 1.— 1960.— С. 73-76
Huvudupphovsman: Воробьев А. А. Александр Акимович
Språk:ryska
Publicerad: 1960
Ämnen:
Materialtyp: MixedMaterials Bokavsnitt
KOHA link:https://koha.lib.tpu.ru/cgi-bin/koha/opac-detail.pl?biblionumber=420350

MARC

LEADER 00000naa2a2200000 4500
001 420350
005 20241224144121.0
035 |a (RuTPU)RU\TPU\prd\77866 
035 |a RU\TPU\tpu\617 
090 |a 420350 
100 |a 20100304d1960 k y0rusy50 ca 
101 0 |a rus 
102 |a RU 
200 1 |a К вопросу о связи между диэлектрическими потерями в кристаллах с энергией решетки и дефектностью  |f А. А. Воробьев 
320 |a Библиогр.: 6 назв. 
461 0 |0 (RuTPU)RU\TPU\prd\191  |x 0021-3411  |t Известия вузов. Физика  |f Министерство общего и профессионального образования Российской Федерации ; Томский Госуниверситет  |d 1958- 
463 0 |0 (RuTPU)RU\TPU\prd\40678  |t № 1  |v С. 73-76  |d 1960 
610 1 |a физика 
610 1 |a труды учёных ТПУ 
700 1 |a Воробьев  |b А. А.  |c российский физик  |c ректор Томского политехнического института, профессор  |f 1909-1981  |g Александр Акимович  |3 (RuTPU)RU\TPU\pers\12805  |4 070 
801 0 |a RU  |b 63413507  |c 20011210  |g PSBO 
801 2 |a RU  |b 63413507  |c 20100304  |g PSBO 
942 |c BK